कंप्यूटर वायरस : (Record no. 119736)
[ view plain ]
| 000 -LEADER | |
|---|---|
| fixed length control field | 01301nam a22002657a 4500 |
| 005 - DATE AND TIME OF LATEST TRANSACTION | |
| control field | 20170124103147.0 |
| 010 ## - LIBRARY OF CONGRESS CONTROL NUMBER | |
| LC control number | B-070810 |
| 020 ## - INTERNATIONAL STANDARD BOOK NUMBER | |
| Terms of availability | 125.00 |
| International Standard Book Number | 8171490131 |
| 035 ## - SYSTEM CONTROL NUMBER | |
| System control number | B-070810 |
| 037 ## - SOURCE OF ACQUISITION | |
| Source of stock number/acquisition | Cen Lib/Ret |
| 040 ## - CATALOGING SOURCE | |
| Original cataloging agency | DPL |
| Language of cataloging | HN |
| 082 ## - DEWEY DECIMAL CLASSIFICATION NUMBER | |
| Classification number | 005.8 |
| Item number | धुरेन्द्र |
| 100 ## - MAIN ENTRY--PERSONAL NAME | |
| Personal name | धुरेन्द्र कुमार |
| 9 (RLIN) | 86615 |
| 245 ## - TITLE STATEMENT | |
| Title | कंप्यूटर वायरस : |
| Statement of responsibility, etc | धुरेन्द्र कुमार [एवं] रजतवंत सिंह |
| Remainder of title | सुरक्षा एवं निवारण / |
| 246 ## - VARYING FORM OF TITLE | |
| Title proper/short title | Computer virus :surksha evam nivaran / |
| Remainder of title | by Dhurendra Kumar [evam] Rajvant SIngh |
| 260 ## - PUBLICATION, DISTRIBUTION, ETC. (IMPRINT) | |
| Place of publication, distribution, etc | दिल्ली |
| Name of publisher, distributor, etc | साहित्य सहकार |
| Date of publication, distribution, etc | 2002 |
| 270 ## - ADDRESS | |
| City | दिल्ली |
| Address | 29/62 बी, गली न. 11, विश्वास नगर |
| Postal code | 110032 |
| 300 ## - PHYSICAL DESCRIPTION | |
| Extent | 127पृ. |
| Dimensions | 20सेमी(सजिल्द ) |
| 650 ## - SUBJECT ADDED ENTRY--TOPICAL TERM | |
| Topical term or geographic name as entry element | कंप्यूटर विज्ञान |
| General subdivision | |
| Geographic subdivision | |
| 9 (RLIN) | 86616 |
| 650 ## - SUBJECT ADDED ENTRY--TOPICAL TERM | |
| Topical term or geographic name as entry element | वायरस--सुरक्षा एवं निवारण |
| 9 (RLIN) | 58860 |
| 650 ## - SUBJECT ADDED ENTRY--TOPICAL TERM | |
| Topical term or geographic name as entry element | Computer Science |
| 9 (RLIN) | 86617 |
| 650 ## - SUBJECT ADDED ENTRY--TOPICAL TERM | |
| Topical term or geographic name as entry element | Virus - Safety and Prevention |
| 9 (RLIN) | 86618 |
| 700 ## - ADDED ENTRY--PERSONAL NAME | |
| Personal name | रजतवंत सिंह |
| 9 (RLIN) | 86619 |
| 942 ## - ADDED ENTRY ELEMENTS (KOHA) | |
| Source of classification or shelving scheme | Dewey Decimal Classification |
| Koha item type | Hindi Books |
| Classification part | 005.8 |
| Call number suffix | धुरेन्द्र |
| Withdrawn status | Lost status | Damaged status | Not for loan | Home library | Current library | Date acquired | Source of acquisition | Cost, normal purchase price | Total Checkouts | Full call number | Barcode | Date last seen | Copy number | Cost, replacement price | Price effective from | Koha item type |
|---|---|---|---|---|---|---|---|---|---|---|---|---|---|---|---|---|
| Central Library | Central Library | 18/09/2015 | Cen Lib/Ref | 125.00 | 005.8 धुरेन्द्र | B-070810 | 18/09/2015 | 1 | 125.00 | 18/09/2015 | Hindi Books |
